Sports Quiz

Random Sports or MLB Quiz

MLB's Most Lopsided Midseason Trades Ever Quiz Stats

 Plays Quiz not verified by Sporcle

Challenge
Share
Tweet
Embed
Score 0/13 Timer 03:00
0 Plays Today
Team Traded From/To (Year) Player Name % Correct
Tigers/Braves (1987)John Smoltz
83.9%
Red Sox/Astros (1990)Jeff Bagwell
83.9%
Athletics/Cardinals (1997)Mark McGwire
77.4%
Cubs/Cardinals (1964)Lou Brock
73.4%
Expos/Indians (2002)Cliff Lee/Grady Sizemore/Brandon Phillips/Lee Stevens
71.4%
Yankees/Mariners (1988)Jay Buhner
69.3%
Mariners/Red Sox (1997)Derek Lowe/Jason Varitek
66.3%
Mets/Reds (1977)Tom Seaver
62.8%
Cardinals/Mets (1983)Keith Hernandez
59.3%
Blue Jays/Yankees (1995)David Cone
59.3%
Padres/Braves (1993)Fred McGriff
56.8%
Blue Jays/Rangers (2000)Michael Young
40.7%
Reds/Cubs (1949)Hank Sauer/Frankie Baumholtz
8%

You're not logged in!

Compare scores with friends on all Sporcle quizzes.
OR
Log In

You Might Also Like...

Show Comments

Extras

Top Quizzes Today


Score Distribution

Your Account Isn't Verified!

In order to create a playlist on Sporcle, you need to verify the email address you used during registration. Go to your Sporcle Settings to finish the process.

Report this User

Report this user for behavior that violates our Community Guidelines.

Details: